000 00305nam a22001217a 4500
008 180315b xxu||||| |||| 00| 0 eng d
041 _aeng
080 _a37
100 _a25
101 _a EDU
245 _aSTANDARDS FOR FOREIGN LANGUAGE LEARNING IN THE 21ST CENTRY
_cALLEN.L
942 _2udc
_cBK
999 _c45171
_d45171